| 000 | 01037cad a22002655a 4500 | ||
|---|---|---|---|
| 001 | E147700 | ||
| 008 | 090605e20080422xxkb f s000 0 eng d | ||
| 035 | _a(Sirsi) u147700 | ||
| 041 | 0 | _aeng | |
| 050 | 0 | 4 | _a306.1 $2 18 |
| 100 | 1 | _aReid, Alasdair | |
| 245 | 0 | 0 |
_aRural housing _binternational perspectives _h[electronic resource] |
| 260 |
_aEdinburgh _bScottish Parliament _c2008 |
||
| 490 | 0 |
_aSPICe Briefing _v(08/20) 22 April 2008 |
|
| 505 | 2 | _aBackground -- Republic of Ireland -- Northern Ireland -- Norway -- Sources | |
| 520 | _aExamines the provision of rural housing in the Republic of Ireland, Northern Ireland and Norway. | ||
| 521 | _aAdvanced | ||
| 590 | _aKA | ||
| 651 | 4 | _aNorway | |
| 651 | 4 |
_aNorthern Ireland _y2007- |
|
| 651 | 4 |
_aIreland (Republic of) _y |
|
| 690 | _aPROPERTY-RESIDENTIAL PROPERTY-DOMESTIC RESIDENTIAL PROPERTY-HOUSING | ||
| 856 | 4 | 0 |
_uhttps://www.scottish.parliament.uk/business/research/subject/RurAff.htm _zView the briefing free of charge at www.scottish.parliament.uk... |
| 942 | _n0 | ||
| 999 |
_c109689 _d109689 |
||